|
|
|
|
| LEADER |
00000nab a2200000 ar4500 |
| 001 |
vtls009008626 |
| 003 |
SK-MaSNL |
| 005 |
20260303065525.0 |
| 008 |
070723c1976 xo |r|p|||||||000 b|slo |
| 015 |
|
|
|a SNBRB2007/07
|2 snkbucl
|
| 038 |
|
|
|a SNKBUCL
|
| 040 |
|
|
|a SNKBUCL
|b ukr
|c SNKBUCL
|e AACR2
|
| 041 |
|
|
|a ukr
|
| 044 |
|
|
|a xo
|c SK
|
| 080 |
|
|
|a 78.087.684.079
|2 1997
|
| 100 |
1 |
|
|a Vasiľ, Pavol,
|d 1937-
|4 aut
|9 121403
|
| 245 |
1 |
0 |
|a Akordy festyval'noji Kamjonky
|c P. Vasyl'
|
| 500 |
|
|
|a Zhodnotenie XI. Festivalu speváckych kolektívov v Kamienke
|
| 611 |
2 |
7 |
|a Festival speváckych kolektívov
|d (1976 :
|c Kamienka, Slovensko )
|2 snkbucl
|9 1065696
|
| 650 |
0 |
7 |
|a festivaly
|2 snkbucl
|9 3406
|
| 651 |
|
7 |
|a Kamienka (Stará Ľubovňa, Slovensko)
|2 snkbucl
|9 163381
|
| 773 |
0 |
|
|t Nove žytťa
|g Roč. 25, č. 24 (1976), s. 5
|
| 852 |
|
|
|a SNK
|b KIS3GCP
|
| 958 |
|
|
|a UK
|
| 999 |
|
|
|c 1751552
|d 1753482
|